00473nam a2200133Ia 4500008004100000100002100041245009900062245003900161260003900200260000900239650001800248650001500266856005800281170221s9999 xx 000 0 und d aJohan Lagerkvist aLoyal Dissent in the Chinese Blogosphere: Sina Weibo Discourse on the Chinese Communist Party  cJohan Lagerkvist, Gustav Sundqvist bStudies in Media and Communication c2016 xCommunication xMedia Arts uhttp://redfame.com/journal/index.php/smc/issue/view/4